| 000 | 00937nam a22002175i 4500 | ||
|---|---|---|---|
| 001 | 166380 | ||
| 003 | ES-MaACL | ||
| 005 | 20230906213324.0 | ||
| 008 | 020917s1884 sp |||| | spa d | ||
| 100 | 1 |
_aTolosa Latour, Manuel, _d1857-1919 _9110485 |
|
| 245 | 1 | 0 |
_aProfilaxis de la difteria _b: comunicación leída el día 17 de abril de 1884 ante la Sociedad Española de Higiene / _cDoctor Tolosa Latour. |
| 260 |
_aMadrid : _b[s.n.], _c1884 ( _fImp. de Enrique Teodoro) |
||
| 300 |
_a16 p. ; _c24 cm. |
||
| 530 | _aDisponible en formato digital. | ||
| 650 | 4 |
_aDifteria. _9135926 |
|
| 710 | 2 |
_aSociedad Española de Higiene. _96725 |
|
| 852 |
_aES-MaACL _jT-381-F-11 _z- Enc. hol. _z- Enc. en un vol. facticio |
||
| 852 |
_aES-MaACL _jT-621-F-13 _z- Enc. hol. _z- Enc. en un vol. facticio |
||
| 856 |
_uhttp://bdh-rd.bne.es/viewer.vm?id=0000083597&page=1 _zBiblioteca Digital Hispánica |
||
| 999 |
_c166380 _d166380 |
||